Eunice Odio: los años en Costa Rica /
Na minha lista:
| Autor principal: | |
|---|---|
| Formato: | Desconhecido |
| Idioma: | Spanish |
| Assuntos: | |
| Tags: |
Adicionar Tag
Sem tags, seja o primeiro a adicionar uma tag!
|
MARC
| LEADER | 000000000a22000000004500 | ||
|---|---|---|---|
| 001 | 007667 | ||
| 041 | 0 | |a spa | |
| 100 | 1 | |a Miranda Hevia, Gladys Alicia, |d 1952- | |
| 245 | 1 | 0 | |a Eunice Odio: los años en Costa Rica / |c Gladys Alicia Miranda Hevia. |
| 310 | |a Semestral | ||
| 650 | 4 | |a ODIO, EUNICE, 1922-1974 | |
| 773 | 0 | |d San José, Costa Rica : Editorial de la Universidad de Costa Rica |t Herencia |g volumen 2, número 2 (1990), páginas 25-29 | |
| 942 | |c ARC | ||
| 999 | |c 14553 |d 14553 | ||
